00698nam a2200205Ia 4500008004100000020001800041041000800059082001300067100002900080245003400109250001600143260001500159300002700174365001700201500000900218700002900227906003400256999001900290952018300309230718s9999 xx 000 0 und d a9780471130079 aeng a621bKUT aKutz M. (Editor)9152249 aMechanical Engineers Handbook a2nd revised bJohn Wiley a2352dRef 25 M (28902) cRs.b4037.50 a25 M aKutz M. (Editor)9152249 dB:88901-Nov-2007cMECHb807.5 c317695d317695 00102ddc3Ref 25 M (28902)4073aCCEPbCCEPd2007-11-02eGoels Computer HutfMECHg3230.00i889o621pCCEP-BK-28902r2023-07-18 00:00:00t807.5v4037.50w2007-11-01yBKz028902